000 00322nam a22001337a 4500
020 _a817826169-3
082 _a823
_bDOY/A
100 _aARTHUR CONAN DOYLE
245 _aTHE ADVENTURES OF SHERLOCK HOLMES
260 _aDELHI
_bROHAN BOOK COMPANY
_c2003
300 _a215
650 _aMODERN ILLUSTRATED CLASSICS
942 _cBK
999 _c379
_d379